|
|
|
|
| LEADER |
01270nam a2200325 a 4500 |
| 001 |
17660 |
| 003 |
BD-DhAAL |
| 005 |
20140522102457.0 |
| 008 |
140522s1986 ilu b 001 0 eng d |
| 010 |
|
|
|a 86006907
|
| 020 |
|
|
|a 0226287270 (pbk. : alk. paper)
|
| 020 |
|
|
|a 0226287262 (hard : alk. paper)
|
| 040 |
|
|
|a DLC
|c DLC
|d DLC
|d BD-DhAAL
|
| 043 |
|
|
|a n-us---
|
| 050 |
0 |
0 |
|a HQ1381
|b .W63 1986
|
| 082 |
0 |
0 |
|a 305.4
|2 19
|
| 245 |
0 |
0 |
|a Women and poverty /
|c edited by Barbara C. Gelpi ... [et al.].
|
| 260 |
|
|
|a Chicago :
|b University of Chicago Press,
|c 1986.
|
| 300 |
|
|
|a 253 p. ;
|c 23 cm.
|
| 500 |
|
|
|a "Most of the essays in this volume originally appeared in the winter 1984 issue of Signs (10:2)"--T.p. verso.
|
| 504 |
|
|
|a Includes bibliographical references and index.
|
| 541 |
|
|
|e 17650
|
| 650 |
|
0 |
|a Women
|x Economic conditions.
|9 4354
|
| 650 |
|
0 |
|a Poor women.
|9 4665
|
| 650 |
|
0 |
|a Women
|x Employment.
|9 4666
|
| 650 |
|
0 |
|a Women heads of households.
|9 4667
|
| 700 |
1 |
|
|a Gelpi, Barbara Charlesworth.
|9 4668
|
| 942 |
|
|
|2 ddc
|c BK
|
| 999 |
|
|
|c 14373
|d 14373
|
| 952 |
|
|
|0 0
|1 0
|2 ddc
|4 0
|6 305_400000000000000_WOM
|7 0
|9 24357
|a BRACUL
|b BRACUL
|c GEN
|d 2014-05-22
|l 0
|o 305.4 WOM
|p 3010017660
|r 2014-05-22
|t 1
|w 2014-05-22
|y BK
|x Transferred from ENH to Ayesha Abed library on 20/12/2023
|